00000000nam 2200000zi 4500
0019.943576
003CaOODSP
00520251015114029
006m     o  d f      
007cr mn|||||||||
008240925e202409##quca    obs  f000 0 eng d
020 |a9780660738062
040 |aCaOODSP|beng|erda|cCaOODSP
043 |an-cn---
045 |ay1y2
0861 |aEn4-144/21-2024E-PDF
24500|aCanadian environmental sustainability indicators : |becological integrity of national parks.
24610|aEcological integrity of national parks
250 |a[September 2024 edition].
264 1|aGatineau QC : |bEnvironment and Climate Change Canada = Environnement et changement climatique Canada, |cSeptember 2024.
264 4|c©2024
300 |a1 online resource (19 pages) : |bcolour illustrations
336 |atext|btxt|2rdacontent
337 |acomputer|bc|2rdamedia
338 |aonline resource|bcr|2rdacarrier
500 |aIssued also in French under title: Indicateurs canadiens de durabilité de l'environnement : intégrité écologique des parcs nationaux.
500 |a"Project code: EC24019"--Page 2.
504 |aIncludes bibliographical references.
520 |a"Ecosystems have ecological integrity when their components, such as native species, biological communities, natural landscapes, and ecological functions, are intact and are likely to persist. Annually, Parks Canada summarizes the condition (good, fair, poor) and the trend (improving, stable, declining) of ecosystems' ecological integrity in national parks (including 35 national parks, 7 national park reserves, and 1 national urban park) using a series of monitoring measures to track changes in biodiversity and natural processes"--Page 5.
650 0|aNational parks and reserves|zCanada.
650 0|aEcological integrity|zCanada|vStatistics.
650 0|aEnvironmental indicators|zCanada.
655 7|aStatistics|2lcgft
7101 |aCanada. |bEnvironment and Climate Change Canada, |eissuing body.
77508|tIndicateurs canadiens de durabilité de l'environnement : |w(CaOODSP)9.943577
794 |tCanadian environmental sustainability indicators : |w(CaOODSP)9.956356
795 |tCanadian environmental sustainability indicators : |b(August 2023)|w(CaOODSP)9.925276
85640|qPDF|s761 KB|uhttps://publications.gc.ca/collections/collection_2025/eccc/en4/En4-144-21-2024-eng.pdf
8564 |qHTML|sN/A|uhttps://www.canada.ca/en/environment-climate-change/services/environmental-indicators/ecological-integrity-national-parks.html
986 |aEC24019